World cup 1950 teams - Statistics

General Stats
  • This quiz has been taken 469 times
  • The average score is 14 of 17
Answer Stats
Hint Answer % Correct
GROUP 1 Brazil
99%
GROUP 2 United States
95%
GROUP 4 Uruguay
95%
GROUP 2 England
94%
GROUP 2 Spain
93%
WITHDREW France
92%
GROUP 3 Italy
92%
GROUP 1 Mexico
88%
GROUP 3 Sweden
88%
GROUP 2 Chile
81%
GROUP 1 Yugoslavia
81%
GROUP 1 Switzerland
74%
GROUP 3 Paraguay
71%
WITHDREW Scotland
67%
GROUP 4 Bolivia
63%
WITHDREW Turkey
54%
WITHDREW India
48%
No matching quizzes found
Score Distribution
Percent of People with Each Score
Percentile by Number Answered
Your Score History
You have not taken this quiz